• Morbelli Riccardo

di Personal Name

Records bibliografici associati: 1

001 - CONTROL NUMBER

  • control field: 11561

003 - CONTROL NUMBER IDENTIFIER

  • control field: IT-RoPau

005 - DATE AND TIME OF LATEST TRANSACTION

  • control field: 20140129165123.0

008 - FIXED-LENGTH DATA ELEMENTS

  • fixed length control field: 140129|| aca||aabn | a|a d

040 ## - CATALOGING SOURCE

  • Original cataloging agency: IT-RoPau
  • Transcribing agency: IT-RoPau

100 ## - HEADING--PERSONAL NAME

  • Personal name: Morbelli Riccardo
  • Miscellaneous information: Codice autore testo/musica SPICS: 13446
  • Relator term: Autore testo/musica
  • Name of part/section of a work: Perdonami

670 ## - SOURCE DATA FOUND

  • Source citation: Work cat.: (IT-RoPau)99738: AA.VV. 794, Venticinque anni di successi
CREDITS: SOCIETA' SAN PAOLO Via A.Severo, 58 - ROMA (RM) & PERIODICI SAN PAOLO SRL Via Giotto, 36 MILANO & CISF Via Giotto, 36 MILANO & EDIZIONI SAN PAOLO SRL,  Piazza Soncino, 5 CINISELLO BALSAMO (MI) -- ITALY